000 00515nam a22001937a 4500
003 OSt
005 20180116183040.0
008 160222b xxu||||| |||| 00| 0 eng d
020 _a08-022-87-1
024 _208-022-87-1
040 _cLahore University of Management Sciences
082 _a17434 LUM 1987
100 _aLouis T wekks
245 _aMilk Pak (A)
260 _aLahore
_bLahore University of Management Sciences
_c1987
300 _a11 p.
_bPapers
440 _aMilk Pak (A)
942 _2ddc
_cCS
999 _c351218
_d351218